00885cam a22002537a 4500003000500000005001700005008004100022010001000063011001000073035001000083040000900093090001000102100002700112245008800139500009300227590004100320590004200361650002400403901000700427942001000434949004000444999001700484952013000501CHAP20220817041849.0971013s r 00010 d a26940 a27912 a32013 cCHAP aR-67200aLa Rue, Carl D.96424712aA leaf-fall disease of Hevea brasiliensis Arg. due to Gloesporium alborubrum petch. aSobretrio de: Papers of the Michigan Academy of Science, Arts and Letters. 2:73-90, 1922 aBATCH-UPDb10c20130110lUCH01h1812 aCONVERSIONb10c20130109lUCH01h131514aHevea brasiliensis. aBK cREIMP aR-672bBCcRd-74124eTS1i32013si c26940d26940 00104054718RaBCbBCcPA_Rd2012-12-17fREIMPl0oR-672p-74124r2019-12-31 00:00:00w2019-12-31yREIMPzRecien adquirido